MARC details
| 000 -CABECERA |
| campo de control de longitud fija |
01272nam a2200253 a 4500 |
| 005 - FECHA Y HORA DE LA ÚLTIMA TRANSACCIÓN |
| campo de control |
20260319064214.0 |
| 008 - ELEMENTOS DE LONGITUD FIJA--INFORMACIÓN GENERAL |
| campo de control de longitud fija |
050425s2001 mx 000 0 spa d |
| 020 ## - NÚMERO INTERNACIONAL NORMALIZADO PARA LIBROS |
| Número Internacional Estándar del Libro |
9706548009 |
| 035 ## - NÚMERO DE CONTROL DEL SISTEMA |
| Número de control de sistema |
UPN01000139534 |
| 049 ## - COLECCIÓN |
| Colección |
CG |
| 050 #4 - SIGNATURA TOPOGRÁFICA DE LA BIBLIOTECA DEL CONGRESO |
| Número de clasificación |
LB2331 |
| Número de documento/Ítem |
R7.3 |
| 100 1# - ASIENTO PRINCIPAL--NOMBRE PERSONAL |
| Nombre de persona |
Rueda Beltrán, Mario |
| 9 (RLIN) |
35271 |
| 245 10 - MENCIÓN DE TÍTULO |
| Título |
Evaluar para comprender y mejorar la docencia en la educación superior / |
| Mención de responsabilidad, etc. |
Mario Rueda Beltrán, Frida Díaz-Barriga Arceo, Mónica Díaz Pontones. |
| 260 ## - PUBLICACIÓN, DISTRIBUCIÓN, ETC. |
| Lugar de publicación, distribución, etc. |
México : |
| Nombre del editor, distribuidor, etc. |
UNAM : |
| -- |
UAM, |
| Fecha de publicación, distribución, etc. |
2001. |
| 300 ## - DESCRIPCIÓN FÍSICA |
| Extensión |
266 p. : |
| Otras características físicas |
cuadros |
| 440 #0 - MENCIÓN DE SERIE/ASIENTO SECUNDARIO--TÍTULO |
| Título |
Cultura Universitaria. |
| Nombre de parte o sección de la obra |
Ensayo ; |
| Designación de volumen o secuencia |
71 |
| 500 ## - NOTA GENERAL |
| Nota general |
"Los trabajos aquí presentados formaron parte del II Coloquio Internacional "La Evaluación de la Docencia" realizado los dias 15,16 y 17 de noviembre del 2000, en la ciudad de Oaxaca, bajo el patrocinio de la Universidad Autónoma Benito Juárez de Oaxaca, Universidad Autónoma Metropolitana y el Centro de Estudios Sobre la Universidad de la Universidad Nacional Autónoma de México" |
| 650 #7 - ASIENTO SECUNDARIO DE MATERIA - TERMINO TEMATICO |
| Término de materia o nombre geográfico como elemento de entrada |
Educación superior |
| Subdivisión de forma |
Congresos |
| Fuente del encabezamiento o término |
|
| 9 (RLIN) |
7384 |
| 650 #4 - ASIENTO SECUNDARIO DE MATERIA - TERMINO TEMATICO |
| Término de materia o nombre geográfico como elemento de entrada |
Maestros universitarios |
| 9 (RLIN) |
894 |
| 650 #4 - ASIENTO SECUNDARIO DE MATERIA - TERMINO TEMATICO |
| Término de materia o nombre geográfico como elemento de entrada |
Evaluación del docente |
| 9 (RLIN) |
5198 |
| 700 1# - ASIENTO SECUNDARIO--NOMBRE DE PERSONAL |
| Nombre de persona |
Díaz Barriga, Frida, |
| Fechas asociadas al nombre |
1955- |
| Término indicativo de función/relación |
coaut. |
| 9 (RLIN) |
30592 |
| 700 1# - ASIENTO SECUNDARIO--NOMBRE DE PERSONAL |
| Nombre de persona |
Díaz Pontones, Mónica, |
| Término indicativo de función/relación |
coaut. |
| 905 ## - TIPO DE MATERIAL |
| Tipo de material |
Libro |